000 00669nam a2200277Ia 4500
005 20260324120740.0
008 008 260324s9999 xx 000 0 eng d
020 _a9781315556604
037 _aEBOOK
040 _aCRL
040 _beng
040 _cCRL
041 _2eng
041 _aeng
084 _qCRL
100 _aSusana Salgado
_91070035
245 4 _aThe Internet and Democracy Building in Lusophone African Countries
260 _bTaylor and Francis
260 _c2014
365 _a
365 _b150
856 _uhttp://www.taylorfrancis.com/books/9781315556604
942 _cEBOOK
999 _c1751506
_d1751506